000 00449nam a2200181Ia 4500
001 17616
005 20260306171530.0
008 260306s9999||||xx |||||||||||||| ||und||
041 _aESP
082 _a658.1
_bG69
100 _aGonzález, Francisco José
_eAUT
245 0 _aCreación de empresas:
_bguía del emprendedor
260 _c2013
300 _a439 páginas :
_c23 cm.
650 _aGEN
654 _aCAN
942 _cLIB
_dJUS
_fJUS
_2ddc
_n
999 _c17616
_d17616